Normal view
MARC view
Entry Uniform Title
001 - CONTROL NUMBER
- control field: 25348
003 - CONTROL NUMBER IDENTIFIER
- control field: dpl
005 - DATE AND TIME OF LATEST TRANSACTION
- control field: 20110118102438.0
008 - FIXED-LENGTH DATA ELEMENTS
- fixed length control field: 110118|||a|||||| | ||| d
040 ## - CATALOGING SOURCE
- Original cataloging agency: dpl
- Transcribing agency: dpl
130 ## - HEADING--UNIFORM TITLE
- Uniform title: लोकोदय ग्रन्थमाला : ग्रन्थांक 252
670 ## - SOURCE DATA FOUND
- Source citation: Work cat.: (dpl)49157: मेहता, श्रीनरेश 25347, एक समर्पित महिला /, 2008
670 ## - SOURCE DATA FOUND
- Source citation: Work cat.: (dpl)49157: मेहता, श्रीनरेश 25347, एक समर्पित महिला /, 2008
